| 000 | 00566nam a2200193 a 4500 | ||
|---|---|---|---|
| 001 | 000040150 | ||
| 005 | 20201002033940.0 | ||
| 008 | 130809s1983 sp 000 0 spa d | ||
| 020 | _a8432203572 | ||
| 040 |
_aDO-SdBNP _bspa _cBNPHU |
||
| 082 | _axxx | ||
| 100 | 1 |
_aPaz, Octavio, _d1914-1998 _98703 |
|
| 245 | 1 | 3 |
_aEl ogro filantrópico : _bHistoria y política 1971-1978 / _cOctavio Paz. |
| 250 | _a4a ed. | ||
| 260 |
_aBarcelona : _bSeix Barral, _c1983. |
||
| 300 |
_a348 p. ; _c20 cm. |
||
| 490 | 1 |
_aBiblioteca Breve _v449 |
|
| 830 | 0 |
_aBiblioteca Breve _v449 _913442 |
|
| 999 |
_c39640 _d39640 |
||